00959 a2200181 45000010006000000050017000060080041000230030015000640400040000790800056001192450082001752640047002573000025003045050404003290410008007331000018007417000018007595448820260407155817.0260407a1970 arg spa dAR-UNSa-BCEJYS aAR-UNSa-BCEJYSbspacAR-UNSa-BCEJYS a332.1xEconomía regional. Economía territorial 10aDesarrollo económico regionalpenfoque por cuencas hidrológicas de Mexico 1aMéxico :bSiglo Veintiuno editoresc1970 aviii, 267 p.c21 cm. aI. Política del desarrollo regional en los países menos desarrollados - II. El desarrollo regional en México - III. La preocupación mexicana por el desarrollo regional - IV. Políticas mexicanas de desarrollo regional - V. La cuenca del río Tepalcatepec - VI. El efecto de la comisión del Tepalcatepec sobre la tierra caliente - VII. Una evaluación de las actividades de la comisión aspa1 aBarkin, David1 aKing, Timothy